[Event "HUN-ch U8-U18 2019"]
[Site "Balatonlelle"]
[Date "2019.06.26"]
[Round "7.29"]
[White "Foldes, Marton Gabor"]
[Black "Panda, Barnabas"]
[Result "1-0"]
[WhiteElo "1653"]
[BlackElo "1722"]
[Annotator "NA RC"]
[PlyCount "33"]
[EventDate "2019.06.21"]
[EventType "swiss"]
[EventCountry "HUN"]
[SourceTitle "playchess.com"]
[Source "ChessBase"]
[SourceQuality "1"]
[TimeControl "40/5400+30:1800+30"]

1. e4 {[%emt 0:00:01]} c5 {[%emt 0:00:11]} 2. Nf3 {[%emt 0:00:09]} Nc6 {[%emt 0:00:18]} 3. d4 {[%emt 0:00:16]} cxd4 {[%emt 0:00:20]} 4. Nxd4 {[%emt 0:00:13]} Nf6 {[%emt 0:00:31]} 5. Nc3 {[%emt 0:00:28]} d6 {[%emt 0:00:44]} 6. Bc4 {[%emt 0:00:31]} e6 {[%emt 0:00:28]} 7. O-O {[%emt 0:01:34]} Be7 {[%emt 0:00:55]} 8. Be3 {[%emt 0:02:39]} a6 {[%emt 0:01:42]} 9. Qe2 {[%emt 0:04:16]} Qc7 {[%emt 0:01:19]} 10. Bb3 {[%emt 0:02:25]} b5 {[%emt 0:02:36]} 11. Nxc6 {[%emt 0:10:26]} Qxc6 {[%emt 0:02:41]} 12. a4 {[%emt 0:02:55]} b4 {[%emt 0:13:27]} 13. a5 {[%emt 0:03:29]} Nd7 {[%emt 0:01:55]} 14. Nd5 {[%emt 0:03:40]} Bb7 {[%emt 0:04:42]} 15. Ba4 {[%emt 0:00:48]} Qc8 {[%emt 0:04:55]} 16. Nb6 {[%emt 0:00:21]} Qc7 {[%emt 0:02:54]} 17. Bxd7+ {[%emt 0:00:28]} 1-0

[Event "HUN-ch U8-U18 2019"]
[Site "Balatonlelle"]
[Date "2019.06.26"]
[Round "7.30"]
[White "Havasi, Gergely Bulcsu"]
[Black "Toth, Barnabas"]
[Result "0-1"]
[WhiteElo "1486"]
[BlackElo "1363"]
[Annotator "NA RC"]
[PlyCount "130"]
[EventDate "2019.06.21"]
[EventType "swiss"]
[EventCountry "HUN"]
[SourceTitle "playchess.com"]
[Source "ChessBase"]
[SourceQuality "1"]
[TimeControl "40/5400+30:1800+30"]

1. Nf3 {[%emt 0:00:02]} Nf6 {[%emt 0:00:11]} 2. g3 {[%emt 0:00:11]} g6 {[%emt 0:00:21]} 3. Bg2 {[%emt 0:00:25]} Bg7 {[%emt 0:00:14]} 4. O-O {[%emt 0:00:30]} O-O {[%emt 0:00:06]} 5. c3 {[%emt 0:01:10]} c5 {[%emt 0:00:30]} 6. Re1 {[%emt 0:01:37]} d6 {[%emt 0:02:23]} 7. d4 {[%emt 0:01:40]} Na6 {[%emt 0:04:49]} 8. e4 {[%emt 0:02:02]} Bg4 {[%emt 0:02:57]} 9. Qd3 {[%emt 0:02:12]} cxd4 {[%emt 0:01:37]} 10. cxd4 {[%emt 0:00:23]} Rc8 {[%emt 0:00:34]} 11. Bd2 {[%emt 0:01:57]} Qb6 {[%emt 0:02:31]} 12. Bc3 Nb4 13. Qd2 {[%emt 0:06:44]} Nc6 {[%emt 0:02:14]} 14. d5 {[%emt 0:02:28]} Nb8 {[%emt 0:00:31]} 15. h3 {[%emt 0:02:32]} Bxf3 {[%emt 0:00:16]} 16. Bxf3 {[%emt 0:00:07]} Qc7 {[%emt 0:03:23]} 17. Na3 {[%emt 0:01:26]} a6 {[%emt 0:05:46]} 18. Rac1 {[%emt 0:01:47]} Qd8 {[%emt 0:01:39]} 19. Rc2 {[%emt 0:06:37]} Nbd7 {[%emt 0:01:17]} 20. Rec1 {[%emt 0:04:24]} Nc5 {[%emt 0:10:29]} 21. Bxf6 {[%emt 0:01:13]} Bxf6 {[%emt 0:08:13]} 22. b4 {[%emt 0:00:48]} Nxe4 {[%emt 0:03:01]} 23. Bxe4 {[%emt 0:00:10]} Rxc2 {[%emt 0:00:29]} 24. Qxc2 {[%emt 0:00:43]} Qb6 {[%emt 0:00:22]} 25. Qb3 {[%emt 0:00:58]} Bd4 {[%emt 0:00:42]} 26. Rf1 {[%emt 0:00:53]} Rc8 {[%emt 0:00:31]} 27. b5 {[%emt 0:04:42]} f5 {[%emt 0:05:29]} 28. Bg2 {[%emt 0:01:15]} Rc3 {[%emt 0:00:59]} 29. Nc4 {[%emt 0:04:25]} Qc5 {[%emt 0:03:50]} 30. Qd1 {[%emt 0:00:46]} Rxc4 {[%emt 0:00:51]} 31. bxa6 {[%emt 0:00:36]} bxa6 {[%emt 0:00:20]} 32. Qe1 {[%emt 0:03:50]} Be5 {[%emt 0:01:48]} 33. Kh1 {[%emt 0:00:38]} f4 {[%emt 0:02:38]} 34. gxf4 {[%emt 0:00:53]} Rxf4 {[%emt 0:00:17]} 35. Qd2 {[%emt 0:00:38]} Qb4 {[%emt 0:02:52]} 36. Qe3 {[%emt 0:02:44]} Rf6 {[%emt 0:02:02]} 37. Rc1 {[%emt 0:01:56]} Qf4 {[%emt 0:01:33]} 38. Qxf4 {[%emt 0:00:19]} Rxf4 {[%emt 0:00:20]} 39. Kg1 {[%emt 0:00:45]} Bd4 {[%emt 0:00:59]} 40. Rc2 {[%emt 0:00:00]} Kf7 {[%emt 0:00:00]} 41. Re2 {[%emt 0:01:22]} Be5 {[%emt 0:02:12]} 42. Rc2 {[%emt 0:00:41]} Rd4 {[%emt 0:00:13]} 43. Kf1 {[%emt 0:00:18]} a5 {[%emt 0:01:18]} 44. Rc1 {[%emt 0:01:19]} Rd2 {[%emt 0:00:45]} 45. Ke1 {[%emt 0:01:05]} Rxa2 46. Bf3 {[%emt 0:00:34]} Ra3 {[%emt 0:02:15]} 47. Bg4 {[%emt 0:00:08]} Kf6 {[%emt 0:00:51]} 48. Rc4 {[%emt 0:01:11]} Rd3 {[%emt 0:01:18]} 49. Be6 {[%emt 0:00:24]} Rd4 {[%emt 0:01:04]} 50. Rc8 {[%emt 0:00:10]} Kg5 {[%emt 0:02:16]} 51. Re8 {[%emt 0:00:24]} Bf6 {[%emt 0:00:51]} 52. Bg8 {[%emt 0:00:24]} h6 {[%emt 0:01:39]} 53. Bf7 {[%emt 0:00:05]} Kf5 {[%emt 0:01:22]} 54. Be6+ {[%emt 0:00:15]} Kf4 {[%emt 0:00:33]} 55. Rb8 {[%emt 0:00:18]} Rb4 {[%emt 0:00:54]} 56. Ra8 {[%emt 0:00:16]} Rc4 {[%emt 0:00:39]} 57. Ke2 {[%emt 0:00:29]} Rc5 {[%emt 0:00:28]} 58. Rb8 {[%emt 0:00:56]} Rc2+ {[%emt 0:00:46]} 59. Kf1 {[%emt 0:00:15]} Bh4 {[%emt 0:01:00]} 60. Rf8+ {[%emt 0:00:26]} Bf6 {[%emt 0:00:33]} 61. Ra8 {[%emt 0:00:46]} Ra2 {[%emt 0:00:13]} 62. Rc8 {[%emt 0:00:20]} h5 {[%emt 0:01:05]} 63. Rc4+ {[%emt 0:00:11]} Kf3 {[%emt 0:00:39]} 64. Kg1 {[%emt 0:00:22]} Ra1+ {[%emt 0:00:17]} 65. Kh2 {[%emt 0:00:12]} Be5+ 0-1

[Event "HUN-ch U8-U18 2019"]
[Site "Balatonlelle"]
[Date "2019.06.26"]
[Round "7.31"]
[White "Varga, Boldizsar"]
[Black "Csernyik, Mark"]
[Result "1-0"]
[WhiteElo "1804"]
[BlackElo "1704"]
[Annotator "NA RC"]
[PlyCount "75"]
[EventDate "2019.06.21"]
[EventType "swiss"]
[EventCountry "HUN"]
[SourceTitle "playchess.com"]
[Source "ChessBase"]
[SourceQuality "1"]
[TimeControl "40/5400+30:1800+30"]

1. e4 {[%emt 0:00:05]} c5 {[%emt 0:00:58]} 2. Nf3 {[%emt 0:01:10]} Nc6 {[%emt 0:00:31]} 3. Nc3 {[%emt 0:00:22]} d6 {[%emt 0:00:56]} 4. Bb5 {[%emt 0:00:21]} Bd7 {[%emt 0:00:29]} 5. O-O {[%emt 0:00:39]} a6 {[%emt 0:01:44]} 6. Bxc6 {[%emt 0:00:12]} Bxc6 {[%emt 0:00:22]} 7. d4 {[%emt 0:00:59]} cxd4 {[%emt 0:01:06]} 8. Nxd4 {[%emt 0:00:47]} e5 {[%emt 0:00:45]} 9. Nxc6 {[%emt 0:02:54]} bxc6 {[%emt 0:00:09]} 10. f4 {[%emt 0:02:15]} Qb6+ {[%emt 0:01:37]} 11. Kh1 {[%emt 0:00:22]} Nf6 {[%emt 0:00:43]} 12. fxe5 {[%emt 0:03:19]} dxe5 {[%emt 0:01:23]} 13. Rb1 {[%emt 0:03:16]} Be7 {[%emt 0:00:44]} 14. Qe2 {[%emt 0:01:57]} O-O {[%emt 0:01:54]} 15. Be3 {[%emt 0:03:17]} Qa5 {[%emt 0:03:49]} 16. a3 {[%emt 0:03:58]} Rab8 {[%emt 0:02:38]} 17. Bd2 {[%emt 0:01:21]} Qc7 {[%emt 0:02:06]} 18. Qxa6 {[%emt 0:02:21]} Rb6 {[%emt 0:00:37]} 19. Qa5 {[%emt 0:07:07]} Qb7 {[%emt 0:01:11]} 20. Qa4 {[%emt 0:06:02]} Rxb2 {[%emt 0:01:47]} 21. h3 {[%emt 0:03:05]} Rb6 {[%emt 0:02:07]} 22. Rxb6 {[%emt 0:02:05]} Qxb6 {[%emt 0:00:08]} 23. Na2 {[%emt 0:05:44]} Nh5 {[%emt 0:00:46]} 24. Be1 {[%emt 0:03:09]} Qe3 {[%emt 0:01:46]} 25. Qxc6 {[%emt 0:04:28]} Bc5 {[%emt 0:01:59]} 26. Qb5 {[%emt 0:06:05]} Nf4 {[%emt 0:02:49]} 27. Nc3 {[%emt 0:05:41]} Bd4 {[%emt 0:04:53]} 28. Nd5 {[%emt 0:01:48]} Nxd5 {[%emt 0:01:40]} 29. exd5 {[%emt 0:00:48]} Rd8 {[%emt 0:01:18]} 30. Ba5 {[%emt 0:00:34]} Rf8 {[%emt 0:01:46]} 31. d6 {[%emt 0:01:08]} Qxa3 {[%emt 0:08:21]} 32. d7 {[%emt 0:01:57]} Qe7 {[%emt 0:00:26]} 33. Bb4 {[%emt 0:01:22]} Qd8 {[%emt 0:00:37]} 34. Bxf8 {[%emt 0:00:33]} Kxf8 {[%emt 0:00:08]} 35. Qb4+ {[%emt 0:01:04]} Kg8 {[%emt 0:00:21]} 36. Qd6 {[%emt 0:01:12]} Bb6 {[%emt 0:00:34]} 37. Rd1 {[%emt 0:00:32]} Bc7 {[%emt 0:00:17]} 38. Qxc7 {[%emt 0:00:12]} 1-0

[Event "HUN-ch U8-U18 2019"]
[Site "Balatonlelle"]
[Date "2019.06.26"]
[Round "7.32"]
[White "Lehocz, Jozsef Jr."]
[Black "Pasti, Zsombor"]
[Result "1-0"]
[WhiteElo "1382"]
[BlackElo "1641"]
[Annotator "NA RC"]
[PlyCount "71"]
[EventDate "2019.06.21"]
[EventType "swiss"]
[EventCountry "HUN"]
[SourceTitle "playchess.com"]
[Source "ChessBase"]
[SourceQuality "1"]
[TimeControl "40/5400+30:1800+30"]

1. b3 {[%emt 0:00:01]} e5 2. Bb2 {[%emt 0:00:06]} Nc6 {[%emt 0:02:21]} 3. e3 {[%emt 0:00:16]} d5 {[%emt 0:02:01]} 4. Bb5 {[%emt 0:04:35]} Bd6 {[%emt 0:02:17]} 5. f4 {[%emt 0:00:08]} f6 {[%emt 0:02:50]} 6. fxe5 {[%emt 0:00:44]} fxe5 {[%emt 0:00:59]} 7. Bxe5 {[%emt 0:00:35]} Qh4+ {[%emt 0:01:36]} 8. g3 {[%emt 0:01:29]} Qe4 {[%emt 0:01:12]} 9. Bxg7 {[%emt 0:14:19]} Bg4 {[%emt 0:01:12]} 10. Bd3 {[%emt 0:03:05]} Qxh1 {[%emt 0:01:48]} 11. Qxg4 {[%emt 0:00:07]} Qxg1+ {[%emt 0:00:04]} 12. Bf1 {[%emt 0:00:36]} Nf6 {[%emt 0:03:53]} 13. Qe6+ {[%emt 0:00:12]} Be7 {[%emt 0:00:23]} 14. Bxh8 {[%emt 0:00:47]} Ne4 {[%emt 0:07:29]} 15. Qf5 {[%emt 0:00:00]} Nb4 {[%emt 0:00:57]} 16. Na3 {[%emt 0:00:49]} Qxh2 {[%emt 0:00:35]} 17. O-O-O {[%emt 0:01:49]} Nd3+ {[%emt 0:09:08]} 18. Bxd3 {[%emt 0:00:40]} Bxa3+ {[%emt 0:00:09]} 19. Kb1 {[%emt 0:00:23]} Nxd2+ {[%emt 0:00:13]} 20. Ka1 {[%emt 0:00:30]} Qxg3 {[%emt 0:04:45]} 21. Qh5+ {[%emt 0:03:45]} Kd7 {[%emt 0:09:09]} 22. Qxd5+ {[%emt 0:03:18]} Ke7 {[%emt 0:06:36]} 23. Bc3 {[%emt 0:02:21]} Rd8 {[%emt 0:08:48]} 24. Qf5 {[%emt 0:02:17]} Rf8 {[%emt 0:03:24]} 25. Qxh7+ {[%emt 0:03:30]} Rf7 {[%emt 0:00:12]} 26. Qh5 {[%emt 0:01:29]} Nf3 {[%emt 0:02:52]} 27. Rf1 {[%emt 0:02:19]} c6 {[%emt 0:07:39]} 28. Bc4 {[%emt 0:00:23]} Rf8 {[%emt 0:02:32]} 29. Qh7+ {[%emt 0:00:29]} Ke8 {[%emt 0:00:57]} 30. Qe4+ {[%emt 0:00:49]} Kd8 {[%emt 0:00:58]} 31. Rd1+ {[%emt 0:00:06]} Kc8 {[%emt 0:00:35]} 32. Ba5 {[%emt 0:13:19]} Qg7+ {[%emt 0:03:18]} 33. c3 {[%emt 0:00:09]} b6 34. Qxc6+ {[%emt 0:01:24]} Kb8 {[%emt 0:04:38]} 35. Bd5 {[%emt 0:01:24]} Qg2 {[%emt 0:06:13]} 36. Qb7# {[%emt 0:00:09]} 1-0

[Event "HUN-ch U8-U18 2019"]
[Site "Balatonlelle"]
[Date "2019.06.26"]
[Round "7.33"]
[White "Csontos, Aron"]
[Black "Megyeri, Martin"]
[Result "1-0"]
[WhiteElo "1376"]
[BlackElo "1520"]
[Annotator "NA RC"]
[PlyCount "115"]
[EventDate "2019.06.21"]
[EventType "swiss"]
[EventCountry "HUN"]
[SourceTitle "playchess.com"]
[Source "ChessBase"]
[SourceQuality "1"]
[TimeControl "40/5400+30:1800+30"]

1. e4 {[%emt 0:00:02]} c5 {[%emt 0:00:06]} 2. Nf3 {[%emt 0:00:04]} Nc6 {[%emt 0:00:07]} 3. c3 {[%emt 0:00:05]} Nf6 {[%emt 0:00:30]} 4. e5 {[%emt 0:00:07]} Nd5 {[%emt 0:00:34]} 5. Bc4 {[%emt 0:00:11]} Nb6 {[%emt 0:00:43]} 6. Bb3 {[%emt 0:00:08]} e6 {[%emt 0:00:36]} 7. d4 {[%emt 0:01:23]} cxd4 {[%emt 0:03:29]} 8. cxd4 {[%emt 0:00:15]} Bb4+ {[%emt 0:00:54]} 9. Bd2 {[%emt 0:00:28]} Bxd2+ {[%emt 0:00:27]} 10. Qxd2 {[%emt 0:00:43]} d6 {[%emt 0:00:35]} 11. O-O {[%emt 0:02:18]} dxe5 {[%emt 0:01:31]} 12. dxe5 {[%emt 0:00:22]} Qxd2 {[%emt 0:00:43]} 13. Nbxd2 {[%emt 0:00:08]} O-O {[%emt 0:00:08]} 14. Rfd1 {[%emt 0:03:20]} Nb4 {[%emt 0:04:35]} 15. Ne4 {[%emt 0:01:57]} Bd7 {[%emt 0:02:03]} 16. Nc5 {[%emt 0:04:23]} Bc6 {[%emt 0:00:51]} 17. Nd4 {[%emt 0:00:26]} N4d5 {[%emt 0:02:59]} 18. Nxc6 {[%emt 0:00:32]} bxc6 {[%emt 0:00:37]} 19. Rac1 {[%emt 0:01:35]} Rac8 {[%emt 0:02:13]} 20. g3 {[%emt 0:00:54]} Rfe8 {[%emt 0:02:45]} 21. Ne4 {[%emt 0:00:20]} Re7 {[%emt 0:02:27]} 22. Nd6 {[%emt 0:00:35]} Rcc7 {[%emt 0:01:14]} 23. a4 {[%emt 0:35:00]} a5 {[%emt 0:03:04]} 24. Rc5 {[%emt 0:02:00]} h6 {[%emt 0:02:53]} 25. Rxa5 {[%emt 0:00:57]} f6 {[%emt 0:02:43]} 26. exf6 {[%emt 0:02:08]} gxf6 {[%emt 0:01:33]} 27. Nc4 {[%emt 0:01:42]} Nxc4 {[%emt 0:01:18]} 28. Bxc4 {[%emt 0:00:09]} Rb7 {[%emt 0:02:41]} 29. b3 {[%emt 0:00:55]} Kf7 {[%emt 0:02:18]} 30. Rd4 {[%emt 0:08:00]} Nc3 {[%emt 0:02:27]} 31. Rg4 {[%emt 0:00:56]} Nd5 {[%emt 0:01:33]} 32. Ra8 {[%emt 0:00:23]} e5 {[%emt 0:03:03]} 33. Rh8 {[%emt 0:00:32]} Ke6 {[%emt 0:01:52]} 34. Rxh6 {[%emt 0:00:28]} Rh7 {[%emt 0:01:07]} 35. Rxh7 {[%emt 0:00:34]} Rxh7 {[%emt 0:00:25]} 36. h4 {[%emt 0:00:25]} f5 {[%emt 0:00:33]} 37. Rg6+ {[%emt 0:00:10]} Kd7 {[%emt 0:00:12]} 38. Bxd5 {[%emt 0:00:42]} cxd5 {[%emt 0:00:16]} 39. Kf1 {[%emt 0:00:35]} Rh8 {[%emt 0:00:36]} 40. Rf6 {[%emt 0:00:00]} d4 {[%emt 0:00:00]} 41. Rxf5 {[%emt 0:00:36]} Ke6 {[%emt 0:00:29]} 42. Rf3 {[%emt 0:00:27]} e4 {[%emt 0:00:14]} 43. Rf4 {[%emt 0:00:15]} Ke5 {[%emt 0:00:13]} 44. f3 {[%emt 0:00:37]} e3 {[%emt 0:01:42]} 45. Re4+ {[%emt 0:00:29]} Kd5 {[%emt 0:00:15]} 46. Ke2 {[%emt 0:01:21]} Rc8 {[%emt 0:00:17]} 47. h5 {[%emt 0:00:35]} Rc2+ {[%emt 0:00:14]} 48. Kd1 {[%emt 0:00:38]} d3 {[%emt 0:01:04]} 49. Rxe3 {[%emt 0:00:19]} Kd4 {[%emt 0:00:14]} 50. Re4+ {[%emt 0:00:14]} Kc3 {[%emt 0:00:13]} 51. Rc4+ {[%emt 0:00:07]} Kb2 {[%emt 0:00:43]} 52. Rd4 {[%emt 0:00:23]} Kc3 {[%emt 0:00:24]} 53. Rc4+ {[%emt 0:01:20]} Kb2 {[%emt 0:00:11]} 54. g4 {[%emt 0:00:23]} Rh2 {[%emt 0:01:29]} 55. b4 {[%emt 0:01:23]} Kb3 {[%emt 0:00:18]} 56. Rc8 {[%emt 0:00:37]} Kxb4 {[%emt 0:00:30]} 57. a5 {[%emt 0:00:26]} Kxa5 {[%emt 0:01:34]} 58. Rd8 {[%emt 0:00:08]} 1-0

[Event "HUN-ch U8-U18 2019"]
[Site "Balatonlelle"]
[Date "2019.06.26"]
[Round "7.34"]
[White "Kovacs, Kristof"]
[Black "Kerekes, Laszlo Fulop"]
[Result "1/2-1/2"]
[WhiteElo "1435"]
[BlackElo "1320"]
[Annotator "NA RC"]
[PlyCount "60"]
[EventDate "2019.06.21"]
[EventType "swiss"]
[EventCountry "HUN"]
[SourceTitle "playchess.com"]
[Source "ChessBase"]
[SourceQuality "1"]
[TimeControl "40/5400+30:1800+30"]

1. e4 {[%emt 0:00:03]} e5 {[%emt 0:00:08]} 2. Nf3 {[%emt 0:00:11]} Nc6 {[%emt 0:00:15]} 3. Bc4 {[%emt 0:00:23]} Nf6 {[%emt 0:00:32]} 4. d3 {[%emt 0:00:08]} Bc5 {[%emt 0:00:28]} 5. Bg5 {[%emt 0:00:11]} h6 {[%emt 0:00:49]} 6. Bh4 {[%emt 0:00:03]} g5 {[%emt 0:00:54]} 7. Bg3 {[%emt 0:00:55]} d6 {[%emt 0:01:05]} 8. h3 Bd7 {[%emt 0:01:02]} 9. Nbd2 {[%emt 0:03:44]} Qe7 {[%emt 0:01:28]} 10. c3 {[%emt 0:01:16]} O-O-O {[%emt 0:01:05]} 11. a4 {[%emt 0:00:26]} a5 {[%emt 0:01:47]} 12. Qb3 {[%emt 0:00:51]} Be6 {[%emt 0:03:57]} 13. O-O {[%emt 0:00:30]} Rdg8 {[%emt 0:02:05]} 14. Bxe6+ {[%emt 0:01:43]} Qxe6 {[%emt 0:01:09]} 15. Qxe6+ {[%emt 0:00:24]} fxe6 {[%emt 0:00:24]} 16. Nh2 {[%emt 0:00:18]} h5 {[%emt 0:01:24]} 17. h4 {[%emt 0:01:45]} gxh4 {[%emt 0:01:17]} 18. Bxh4 {[%emt 0:01:30]} Ng4 {[%emt 0:00:55]} 19. Nxg4 {[%emt 0:01:03]} Rxg4 {[%emt 0:03:52]} 20. Nf3 {[%emt 0:02:08]} Rf8 {[%emt 0:01:23]} 21. Kh2 {[%emt 0:01:14]} Rxf3 {[%emt 0:02:06]} 22. gxf3 {[%emt 0:00:10]} Rxh4+ {[%emt 0:00:32]} 23. Kg3 {[%emt 0:00:07]} Rf4 {[%emt 0:01:16]} 24. Rh1 {[%emt 0:00:37]} h4+ {[%emt 0:00:52]} 25. Kg2 {[%emt 0:01:34]} d5 {[%emt 0:01:47]} 26. Rae1 {[%emt 0:01:20]} d4 {[%emt 0:01:18]} 27. Rh3 {[%emt 0:00:27]} Kd7 {[%emt 0:02:10]} 28. Reh1 {[%emt 0:00:38]} Be7 {[%emt 0:01:14]} 29. Rc1 {[%emt 0:02:45]} Bg5 {[%emt 0:01:30]} 30. Rc2 {[%emt 0:00:23]} Kd6 {[%emt 0:01:12]} 1/2-1/2

[Event "HUN-ch U8-U18 2019"]
[Site "Balatonlelle"]
[Date "2019.06.26"]
[Round "7.36"]
[White "Gencsi, David Sandor"]
[Black "Biro, Daniel"]
[Result "1-0"]
[WhiteElo "1038"]
[BlackElo "1343"]
[Annotator "NA RC"]
[PlyCount "77"]
[EventDate "2019.06.21"]
[EventType "swiss"]
[EventCountry "HUN"]
[SourceTitle "playchess.com"]
[Source "ChessBase"]
[SourceQuality "1"]
[TimeControl "40/5400+30:1800+30"]

1. e4 {[%emt 0:00:02]} e6 {[%emt 0:00:02]} 2. d4 {[%emt 0:00:05]} d5 {[%emt 0:00:03]} 3. Nd2 {[%emt 0:00:09]} c5 {[%emt 0:00:36]} 4. Ngf3 {[%emt 0:00:09]} Nc6 {[%emt 0:00:23]} 5. c3 {[%emt 0:00:36]} Qb6 {[%emt 0:00:48]} 6. exd5 {[%emt 0:01:51]} exd5 {[%emt 0:01:37]} 7. Nb3 {[%emt 0:00:20]} cxd4 {[%emt 0:02:35]} 8. cxd4 {[%emt 0:00:31]} Bb4+ {[%emt 0:05:34]} 9. Bd2 {[%emt 0:00:27]} Nf6 {[%emt 0:00:59]} 10. Qe2+ {[%emt 0:01:26]} Be6 {[%emt 0:06:17]} 11. Qb5 {[%emt 0:02:25]} Qxb5 {[%emt 0:05:06]} 12. Bxb5 {[%emt 0:00:11]} Bxd2+ {[%emt 0:00:10]} 13. Nbxd2 {[%emt 0:00:33]} O-O {[%emt 0:00:18]} 14. Bxc6 {[%emt 0:00:09]} bxc6 {[%emt 0:00:21]} 15. Ne5 {[%emt 0:00:11]} Rac8 {[%emt 0:01:16]} 16. Rc1 {[%emt 0:00:12]} Bd7 {[%emt 0:06:39]} 17. Nb3 {[%emt 0:00:22]} Rfe8 {[%emt 0:00:56]} 18. O-O {[%emt 0:00:56]} Rc7 {[%emt 0:07:20]} 19. Rc2 {[%emt 0:00:45]} Rec8 {[%emt 0:02:30]} 20. Rfc1 {[%emt 0:00:24]} c5 {[%emt 0:05:48]} 21. dxc5 {[%emt 0:01:37]} Bf5 {[%emt 0:05:54]} 22. Rd2 {[%emt 0:01:31]} Ne4 {[%emt 0:03:14]} 23. Rxd5 {[%emt 0:01:22]} Be6 {[%emt 0:00:27]} 24. Rd4 {[%emt 0:00:39]} f5 {[%emt 0:04:03]} 25. c6 {[%emt 0:01:32]} Rb8 {[%emt 0:02:37]} 26. Na5 {[%emt 0:01:57]} h6 {[%emt 0:01:00]} 27. b3 {[%emt 0:00:49]} Rb5 {[%emt 0:03:11]} 28. Nec4 {[%emt 0:02:09]} Rc5 {[%emt 0:01:12]} 29. b4 {[%emt 0:01:28]} Rb5 {[%emt 0:00:52]} 30. a3 {[%emt 0:02:33]} Bxc4 {[%emt 0:02:05]} 31. Rdxc4 {[%emt 0:00:33]} Rd5 {[%emt 0:00:59]} 32. h3 {[%emt 0:00:35]} Rd2 {[%emt 0:01:14]} 33. f3 {[%emt 0:00:54]} Nd6 {[%emt 0:03:11]} 34. R4c2 {[%emt 0:00:42]} Rxc2 {[%emt 0:02:17]} 35. Rxc2 {[%emt 0:00:41]} Nb5 {[%emt 0:00:13]} 36. a4 {[%emt 0:00:44]} Nd4 {[%emt 0:00:15]} 37. Rc4 {[%emt 0:01:08]} Ne6 {[%emt 0:01:21]} 38. b5 {[%emt 0:01:29]} Nd8 {[%emt 0:00:32]} 39. Rd4 {[%emt 0:00:31]} 1-0

[Event "HUN-ch U8-U18 2019"]
[Site "Balatonlelle"]
[Date "2019.06.27"]
[Round "8.1"]
[White "Gombocz, Zsofia"]
[Black "Somogyi, Barbara"]
[Result "1/2-1/2"]
[WhiteElo "2077"]
[BlackElo "1577"]
[Annotator "NA RC"]
[PlyCount "99"]
[EventDate "2019.06.21"]
[EventType "swiss"]
[EventCountry "HUN"]
[SourceTitle "playchess.com"]
[Source "ChessBase"]
[SourceQuality "1"]
[TimeControl "40/5400+30:1800+30"]

1. e4 {[%emt 0:00:03]} d5 {[%emt 0:00:04]} 2. exd5 {[%emt 0:00:08]} Qxd5 {[%emt 0:00:08]} 3. Nf3 {[%emt 0:00:08]} c6 {[%emt 0:00:16]} 4. d4 {[%emt 0:00:33]} Nf6 {[%emt 0:00:37]} 5. Be2 {[%emt 0:00:38]} Bg4 {[%emt 0:01:01]} 6. O-O {[%emt 0:01:10]} Nbd7 {[%emt 0:01:49]} 7. c4 {[%emt 0:01:21]} Qd6 {[%emt 0:00:40]} 8. Nc3 {[%emt 0:02:22]} e6 {[%emt 0:02:00]} 9. Bg5 {[%emt 0:02:43]} Be7 {[%emt 0:01:51]} 10. a3 {[%emt 0:01:13]} O-O {[%emt 0:03:55]} 11. Bh4 {[%emt 0:03:04]} Qc7 {[%emt 0:02:00]} 12. c5 {[%emt 0:03:14]} Rad8 {[%emt 0:04:50]} 13. Bg3 {[%emt 0:02:31]} Qc8 {[%emt 0:01:29]} 14. Qa4 {[%emt 0:03:22]} a6 {[%emt 0:03:46]} 15. Rfd1 {[%emt 0:01:42]} Nh5 {[%emt 0:03:56]} 16. b4 {[%emt 0:05:44]} Nxg3 {[%emt 0:00:54]} 17. hxg3 {[%emt 0:00:13]} Bxf3 {[%emt 0:02:24]} 18. Bxf3 {[%emt 0:01:34]} Nf6 {[%emt 0:02:05]} 19. Qb3 {[%emt 0:02:57]} Rd7 {[%emt 0:04:48]} 20. a4 {[%emt 0:04:43]} Rfd8 {[%emt 0:08:19]} 21. Ne2 {[%emt 0:05:27]} Nd5 {[%emt 0:02:07]} 22. b5 {[%emt 0:04:32]} Bf6 {[%emt 0:05:40]} 23. Ra2 {[%emt 0:04:26]} Qc7 {[%emt 0:05:13]} 24. Rad2 {[%emt 0:05:50]} axb5 {[%emt 0:06:11]} 25. axb5 {[%emt 0:00:53]} Ra8 {[%emt 0:01:54]} 26. b6 {[%emt 0:11:24]} Qd8 {[%emt 0:02:02]} 27. Ra2 {[%emt 0:07:03]} Qe8 {[%emt 0:04:59]} 28. Rda1 {[%emt 0:02:58]} Rdd8 {[%emt 0:01:36]} 29. Ra7 {[%emt 0:01:33]} Rdb8 {[%emt 0:01:37]} 30. R1a4 {[%emt 0:02:47]} Qc8 {[%emt 0:03:10]} 31. g4 {[%emt 0:03:13]} Rxa7 {[%emt 0:03:57]} 32. Rxa7 {[%emt 0:01:30]} Bg5 {[%emt 0:03:03]} 33. Ng3 {[%emt 0:02:29]} Qd8 {[%emt 0:03:10]} 34. Ne4 {[%emt 0:01:43]} Be7 {[%emt 0:00:29]} 35. Qa4 {[%emt 0:01:36]} h6 {[%emt 0:04:26]} 36. Qa1 {[%emt 0:02:51]} Kf8 {[%emt 0:01:10]} 37. Nd2 {[%emt 0:01:35]} Kg8 {[%emt 0:02:33]} 38. Nc4 {[%emt 0:01:18]} Qc8 {[%emt 0:01:57]} 39. Ne5 {[%emt 0:00:55]} Bf6 {[%emt 0:01:10]} 40. Nc4 {[%emt 0:00:00]} Be7 {[%emt 0:00:00]} 41. Qe1 {[%emt 0:03:22]} Qd8 {[%emt 0:05:17]} 42. Na5 {[%emt 0:04:14]} Qc8 {[%emt 0:02:06]} 43. Bxd5 {[%emt 0:03:43]} cxd5 {[%emt 0:00:29]} 44. c6 {[%emt 0:00:35]} bxc6 {[%emt 0:01:40]} 45. b7 {[%emt 0:10:11]} Qe8 {[%emt 0:02:32]} 46. Qc1 {[%emt 0:02:39]} Bd8 {[%emt 0:04:33]} 47. Qxc6 {[%emt 0:02:57]} Qf8 {[%emt 0:03:55]} 48. Qc8 {[%emt 0:03:35]} Bxa5 {[%emt 0:00:40]} 49. Qxf8+ {[%emt 0:03:50]} Kxf8 {[%emt 0:00:42]} 50. Rxa5 {[%emt 0:00:07]} 1/2-1/2